000
nam a22 7a 4500
999
_c
329450
_d
329450
003
Nust
005
20170508115442.0
008
170508b xxu||||| |||| 00| 0 eng d
040
_c
DLC
082
_a
620.13621 AST
245
_a
2010 annual book of ASTM standards, section 4 : Construction
942
_2
ddc
_c
BK